000 00574nam a2200193Ia 4500
003 GCL
008 140319s9999 xx 000 0 ara d
040 _aGCL /
_cGCL
082 0 4 _aط
_b813.087
_bا س
100 1 _aاحمد مصطفى احمد
245 1 0 _aسندباد والصحراء /
_cاحمد مصطفى احمد
300 _a42 ص
490 _aالهيئة العامة للاستعلامات
_v0
650 0 4 _aالقصص القصيرة
650 0 4 _aالاطفال
650 0 4 _aقصص الاطفال
650 0 4 _aادب الاطفال
942 _2ddc
_cBK
999 _c51384
_d51384